000 00517nam a22001817a 4500
999 _c58501
_d58501
005 20220428123515.0
008 220428s2013 enk||||| |||| 00| 0 eng d
020 _a9788131236017
041 _aeng
080 _a577.1 S-24
100 _aSatyanarayana, U.
_913695
245 _aBiochemistry /
_cU. Satyanarayana, U. Chakrapani.
264 _bElsevier,
_c2013.
300 _a799 p. :
_bill.,
_c27 cm.
653 _aბიოქიმია
700 _aU. Chakrapani.
_eავტორი
_913696
942 _2udc
_cBK